00581nam a2200205 4500003000400000005001700004008004100021020001500062040001800077050001500095100002900110245003900139264007700178300001800255336002200273337002400295338002400319942001500343999001700358OSt20260530115312.0260513b |||||||| |||| 00| 0 eng d a0394730631 aICIbspacICI aTT194b.M41 aMeadmore, Clement93293810aHow to Make Furniture Wthout Tools 1bPantheon Books NY House & Garden Bookc1975aEstados Unidos de América a118 páginas atexto2rdacontent asin medio2rdamedia avolumen2rdacarrier 2lcccBKn1 c13395d13395